KOHA-Header-6

Computer Organization and Design MIPS edition (Record no. 14033)

000 -LEADER
fixed length control field 00335nam a22001337a 4500
020 ## - INTERNATIONAL STANDARD BOOK NUMBER
ISBN 9780128201091
082 ## - DEWEY DECIMAL CLASSIFICATION NUMBER
Classification number 004.22
100 ## - MAIN ENTRY--AUTHOR NAME
Personal name David A. Patterson & John L. Hennessy
245 ## - TITLE STATEMENT
Title Computer Organization and Design MIPS edition
250 ## - EDITION STATEMENT
Edition statement Sixth Edition
260 ## - PUBLICATION, DISTRIBUTION, ETC. (IMPRINT)
Place of publication Amsterdam
Name of publisher Elsevier
300 ## - PHYSICAL DESCRIPTION
Number of Pages 832 pages
942 ## - ADDED ENTRY ELEMENTS (KOHA)
Koha item type Books
Holdings
Withdrawn status Lost status Collection code Permanent Location Current Location Shelving location Date acquired Full call number Accession Number Koha item type
    Computer Science MAJU MAJU Shelf No.A33 2025-07-31 004.22 11152 Books
    Computer Science MAJU MAJU Shelf No.A33 2025-07-31 004.22 11151 Books

Powered by Koha